000 00975nam a2200277 i 4500
001 bg
245 0 0 _aStan czystości rzek, jezior i Bałtyku :
_bna podstawie wyników badań wykonywanych w ramach państwowego monitoringu środowiska w latach 2000-2001 /
_caut. Anna Bożek [et al. ; Inspekcja Ochrony Środowiska].
260 _aWarszawa :
_bIOŚ,
_ccop. 2002.
300 _a197 s. :
_bil., mapy kolor. ;
_c23 cm.
490 1 _aBiblioteka Monitoringu Środowiska
500 _aStreszcz. ang. przy rozdz.
504 _aBibliogr.
650 9 _aJeziora
_xśrodowisko
_zPolska
650 9 _aRzeki
_xśrodowisko
_zPolska
651 9 _aBałtyk
_xśrodowisko
700 1 _aBOŻEK, Anna
710 0 _aInspekcja Ochrony Środowiska
830 _aBiblioteka Monitoringu Środowiska
020 _a8372171939
040 _cBPK
041 0 _apol
_beng
080 _a504.4.064.3(438)
920 _a83-7217-193-9
942 _cKS
008 s pl f |000 0 pol
999 _c44745
_d44745
856 _uhttp://koha.tu.koszalin.pl/cgi-bin/koha/opac-detail.pl?biblionumber=44745
_yKatalog online BPK